| 000 | 00662nam a22002417a 4500 | ||
|---|---|---|---|
| 001 | BR7401134 | ||
| 003 | BR-BrBNA | ||
| 005 | 20241127145620.0 | ||
| 007 | ta | ||
| 008 | 230509b bl.||||| |||| 00| 0 por d | ||
| 040 |
_aBR-BrBNA _bpor _cBiblioteca Nacional de Agricultura |
||
| 041 | _a(Por) | ||
| 072 |
_aQ10 _b2110 |
||
| 090 |
_a 2110 BR7401134 OBR _b2024-7550 |
||
| 100 | 1 | _aFonseca, J.P. | |
| 110 | 1 | _aMinisterio da Agricultura, Industria e Commercio, Rio de Janeiro, GB (Brasil) | |
| 245 | 1 | _aFermentacao do cacao | |
| 260 | 3 |
_aRio de Janeiro, GB (Brasil): _c1929. |
|
| 300 | _a18 p. | ||
| 650 | _aCACAU | ||
| 650 | _aFERMENTACAO | ||
| 942 |
_cBK _2AGRIS |
||
| 999 |
_c19774 _d19774 |
||